000 00297nam a22001337a 4500
008 170508b xxu||||| |||| 00| 0 eng d
020 _a9781566628686
041 _aeng
080 _23RD
_a342
100 _a15
101 _aSHJ
245 _aELEMENTS OF BANKRUPTCY
_cBAIRD, D.G
942 _2udc
_cBK
999 _c12948
_d12948